000 00549nam a2200193 a 4500
001 3824
005 20140414131920.0
008 061017s19uu xx 00 eng d
050 _aER
_bT59 1993
100 _aDaly, Audrey
245 _aTom thumb /
_cAudrey Daly ; illustrated by Peter Stevenson.
260 _aLeicerstershire, UK :
_bLadybird Books,
_c1993.
300 _ap. ; cm.
440 _aFavourite tales
520 _abased on a story by Jacob and Wilhelm Grimm.
650 _aChildren stories.
999 _c111688
_d111688